00425nam a2200133 a 450000100100000000500170001000800410002704000250006808200150009310000160010824500460012426001010017030000200027100002830520200930031526.0110407s1996 dr 000 0 spa d aDO-SdBNPbspacBNPHU axxxbC392g1 aCela, Jorge10aLa gestión participativa /cJorge Cela. aSanto Domingo :bCentro de Estudios Sociales Padre Juan Antonio Montalvo,c1996.fEditora Búho a50 p. ;c21 cm.